[Event "SLO-ch U10"]
[Site "Rogaska Slatina"]
[Date "2009.02.24"]
[Round "5"]
[White "Dolinar, Jan"]
[Black "Leonardi, Dejan"]
[Result "1-0"]
[WhiteElo "1500"]
[BlackElo "1500"]
[PlyCount "48"]
[EventDate "2009.02.22"]
[EventType "swiss"]
[EventRounds "9"]
[EventCountry "SLO"]
[SourceTitle "CBM 129 Extra"]
[Source "ChessBase"]
[SourceDate "2009.05.05"]
[SourceVersion "2"]
[SourceVersionDate "2009.05.20"]
[SourceQuality "1"]

1. e4 e5 2. Nf3 Nf6 3. Nxe5 d6 4. Nf3 Nxe4 5. Qe2 Qe7 6. d3 Nc5 7. Bg5 Qxe2+ 8. Bxe2 Bg4 9. h3 Bxf3 10. Bxf3 Be7 11. Bxe7 Kxe7 12. d4 Ncd7 13. Bxb7 Re8 14. 0-0 Nc6 15. Bxc6 Rab8 16. b3 Red8 17. Nd2 Rb6 18. Be4 Nf6 19. Bf3 Rb4 20. Nc4 d5 21. Ne5 Rd6 22. g4 Rxd4 23. c4 c6 24. g5 Ne4 1-0

[Event "SLO-ch U10"]
[Site "Postojna"]
[Date "2008.02.28"]
[Round "7"]
[White "Feltrin, Kris"]
[Black "Leonardi, Dejan"]
[Result "1-0"]
[WhiteElo "1500"]
[BlackElo "1500"]
[PlyCount "69"]
[EventDate "2008.02.24"]
[EventType "swiss"]
[EventRounds "9"]
[EventCountry "SLO"]
[SourceTitle "EXT 2010"]
[Source "ChessBase"]
[SourceDate "2010.11.25"]
[SourceVersion "1"]
[SourceVersionDate "2010.11.25"]
[SourceQuality "1"]

1. e4 e5 2. Nf3 Nf6 3. Nc3 Ng4 4. h3 Nf6 5. Nxe5 Bb4 6. d3 Bxc3+ 7. bxc3 d6 8. Nf3 Nc6 9. Be2 0-0 10. 0-0 Ne5 11. Nxe5 dxe5 12. Bg5 h6 13. Bxf6 Qxf6 14. Bg4 Bxg4 15. Qxg4 g6 16. Qd1 h5 17. Rb1 Kh8 18. Rxb7 Rg8 19. Qd2 Kh7 20. Rxc7 g5 21. Qe2 Rg6 22. Qxh5+ Kg7 23. Qf3 Qxf3 24. gxf3 g4 25. fxg4 Rh8 26. Kg2 Rgh6 27. Rh1 Kg6 28. Kg3 Kg5 29. Rxf7 Kg6 30. Rxa7 Rh4 31. Ra6+ Kg5 32. Re6 Rxg4+ 33. Kf3 Rf4+ 34. Ke3 Rhf8 35. Rxe5+ 1-0